000 nam a22 a 4500
999 _c428365
_d428365
003 BLK
005 20210813114135.0
008 180911b bul|||||r ||||||| ||bul||
040 _aBLK
041 _aBUL
_cBUL
080 _aИндийска литература
_b821.21
_x-32
_z821.21-32
139 _aНал и Дамаянти
245 1 0 _aНал и Дамаянти
_bИнд. повест
_cпрев. от рус. [Иван П. Кепов]
257 _aIND
260 _aСофия
_bб.и.
_c1890
_9393107
_f (София : Либер. клуб)
300 _aXIV, 85 с.
_c22 см
380 _aX
490 _aКолекция Редки и ценни издания
_9435080
653 _aепос
653 _aповести
655 _aиндийска литература
_9397024
700 _aКепов, Иван Петров
_eпрев. от рус.
_9378640
852 _aРр 890
_bРц
942 _cKNG
_n0
_s1
944 _aCR
_c2021-08-13
_kВК